000 00739nam a22002417a 4500
005 20170124110157.0
010 _aA-447427
020 _c00.00
_a8122402593
035 _aA-447427
037 _bCen Lib/Ret
040 _aDPL
_bEN
082 _a152.4
_bMOH
100 _aMohsin, S.M.
_935302
245 _aAttitude :
_cby S.M.Mohsin
_bconcept formation and change /
260 _aNew Delhi
_bWiley Eastern Limited
_c1990
270 _a4835/24, Ansari Road Darya Ganj
_bNew Delhi
_e110002
300 _axii,163p.
_c23cm(Hb)
500 _aIncludes bibliographical reference and index
650 _aPrejudices
_935303
650 _aAttitude (Psychology)
_935304
700 _935082
942 _2ddc
_cEN
_h152.4
_mMOH
999 _c132629
_d132629